[Event "VIE-ch U09"]
[Site "Ho Chi Minh City"]
[Date "2014.07.14"]
[Round "3"]
[White "Nghiem, Vinh Khang"]
[Black "Pham, Nguyen Phu Vinh"]
[Result "0-1"]
[WhiteElo "1503"]
[BlackElo "1446"]
[PlyCount "48"]
[EventDate "2014.07.13"]
[EventType "swiss"]
[EventRounds "9"]
[EventCountry "VIE"]
[SourceTitle "EXT 2016"]
[Source "ChessBase"]
[SourceDate "2015.10.08"]
[SourceVersion "1"]
[SourceVersionDate "2015.10.08"]
[SourceQuality "1"]

1. e4 c5 2. Bc4 e6 3. Nc3 Nc6 4. Nf3 d6 5. d4 cxd4 6. Nxd4 Nf6 7. Nxc6 bxc6 8. Bg5 Be7 9. 0-0 0-0 10. h3 Bb7 11. Re1 Qc7 12. Bxf6 Bxf6 13. Re3 Rad8 14. Rg3 Be5 15. Re3 c5 16. a4 Qe7 17. Qg4 Rb8 18. Ne2 Bxb2 19. Rb1 Be5 20. Nf4 Qf6 21. Rf3 Bxe4 22. Rxb8 Rxb8 23. Rb3 Rxb3 24. cxb3 Qxf4 0-1

[Event "VIE-ch U09"]
[Site "Ho Chi Minh City"]
[Date "2014.07.13"]
[Round "1"]
[White "Nghiem, Vinh Khang"]
[Black "Vu, Quoc Trung"]
[Result "1-0"]
[WhiteElo "1503"]
[BlackElo "1452"]
[PlyCount "79"]
[EventDate "2014.07.13"]
[EventType "swiss"]
[EventRounds "9"]
[EventCountry "VIE"]
[SourceTitle "EXT 2016"]
[Source "ChessBase"]
[SourceDate "2015.10.08"]
[SourceVersion "1"]
[SourceVersionDate "2015.10.08"]
[SourceQuality "1"]

1. e4 e5 2. Nc3 Nf6 3. Bc4 Bc5 4. h3 Nc6 5. d3 h6 6. Nf3 d6 7. Bb5 Bd7 8. a3 a6 9. Bxc6 Bxc6 10. b4 Ba7 11. 0-0 0-0 12. a4 b6 13. b5 Bb7 14. bxa6 Bxa6 15. a5 Bb7 16. a6 Bc8 17. Nb5 c6 18. Nc3 Bb8 19. a7 Rxa7 20. Rxa7 Bxa7 21. d4 Ba6 22. Re1 exd4 23. Nxd4 c5 24. Nc6 Qc7 25. Nxa7 Qxa7 26. Nd5 Nxd5 27. exd5 Bb7 28. Qg4 Kh7 29. Qe4+ Kg8 30. Qg4 Kh8 31. Re7 Qb8 32. Qg3 Bxd5 33. Qc3 Kg8 34. Re3 Be6 35. Rg3 f6 36. Bxh6 Kh7 37. Qd3+ f5 38. Rxg7+ Kxh6 39. Qg3 Qe8 40. Qg5# 1-0